<?xml version="1.0" encoding="UTF-8"?>
<record
    xmlns:xsi="http://www.w3.org/2001/XMLSchema-instance"
    xsi:schemaLocation="http://www.loc.gov/MARC21/slim http://www.loc.gov/standards/marcxml/schema/MARC21slim.xsd"
    xmlns="http://www.loc.gov/MARC21/slim">

  <leader>00869nam0a22002531  4500</leader>
  <controlfield tag="001">RU\INFOCOMM_327\NLR\5000011539</controlfield>
  <controlfield tag="005">20250613104918.0</controlfield>
  <datafield tag="035" ind1=" " ind2=" ">
    <subfield code="a">(NLR Aleph) 009515539</subfield>
  </datafield>
  <datafield tag="090" ind1=" " ind2=" ">
    <subfield code="a">8793881</subfield>
    <subfield code="c">8793881</subfield>
  </datafield>
  <datafield tag="100" ind1=" " ind2=" ">
    <subfield code="a">20121212d1931    |||y0rusy50      ca</subfield>
  </datafield>
  <datafield tag="101" ind1="1" ind2=" ">
    <subfield code="a">ger</subfield>
    <subfield code="c">rus</subfield>
  </datafield>
  <datafield tag="102" ind1=" " ind2=" ">
    <subfield code="a">RU</subfield>
  </datafield>
  <datafield tag="105" ind1=" " ind2=" ">
    <subfield code="a">y   z   |||||</subfield>
  </datafield>
  <datafield tag="200" ind1="1" ind2=" ">
    <subfield code="a">&#x88;...&#x89; Wollen wir die Sojabohne anbauen</subfield>
    <subfield code="f">A. Korostelev</subfield>
    <subfield code="g">Ins deutsche &#xFC;bertragen von M. Weissbrod</subfield>
  </datafield>
  <datafield tag="210" ind1=" " ind2=" ">
    <subfield code="a">Moskau</subfield>
    <subfield code="c">ZVV</subfield>
    <subfield code="d">1931</subfield>
    <subfield code="g">&#x43A;&#x43D;&#x438;&#x436;&#x43D;&#x430;&#x44F; &#x444;-&#x43A;&#x430; &#x426;&#x435;&#x43D;&#x442;&#x440;&#x438;&#x437;&#x434;&#x430;&#x442;&#x430;</subfield>
  </datafield>
  <datafield tag="215" ind1=" " ind2=" ">
    <subfield code="a">18, [2] &#x441;.</subfield>
    <subfield code="c">&#x438;&#x43B;.</subfield>
    <subfield code="d">(21&#x445;14) &#x441;&#x43C;</subfield>
  </datafield>
  <datafield tag="300" ind1=" " ind2=" ">
    <subfield code="a">&#x41D;&#x430; 4-&#x439; &#x441;. &#x43E;&#x431;&#x43B;.: "&#x410;. &#x41A;&#x43E;&#x440;&#x43E;&#x441;&#x442;&#x435;&#x43B;&#x435;&#x432;. &#x411;&#x443;&#x434;&#x435;&#x43C; &#x441;&#x435;&#x44F;&#x442;&#x44C; &#x441;&#x43E;&#x44E;"</subfield>
  </datafield>
  <datafield tag="620" ind1=" " ind2=" ">
    <subfield code="a">&#x41C;&#x43E;&#x441;&#x43A;&#x432;&#x430;</subfield>
  </datafield>
  <datafield tag="700" ind1=" " ind2="1">
    <subfield code="a">Korostelev</subfield>
    <subfield code="b">A. A.</subfield>
    <subfield code="g">Aleksandr Aleksandrovi&#x10D;</subfield>
  </datafield>
  <datafield tag="801" ind1=" " ind2="1">
    <subfield code="a">RU</subfield>
    <subfield code="b">NLR</subfield>
    <subfield code="c">20121212</subfield>
  </datafield>
  <datafield tag="801" ind1=" " ind2="0">
    <subfield code="a">RU</subfield>
    <subfield code="b">INFOCOMM</subfield>
    <subfield code="g">PSBO</subfield>
  </datafield>
  <datafield tag="852" ind1=" " ind2=" ">
    <subfield code="a">NLR</subfield>
    <subfield code="j">&#x415;-10/38</subfield>
  </datafield>
  <datafield tag="942" ind1=" " ind2=" ">
    <subfield code="c">BOOK</subfield>
  </datafield>
  <datafield tag="980" ind1=" " ind2=" ">
    <subfield code="a">NB</subfield>
  </datafield>
  <datafield tag="995" ind1=" " ind2=" ">
    <subfield code="5">2013-10-26</subfield>
    <subfield code="b">NLR02</subfield>
    <subfield code="c">NLR02</subfield>
    <subfield code="e">IFS</subfield>
    <subfield code="f">9515539-10</subfield>
    <subfield code="k">&#x415;-10/38</subfield>
    <subfield code="o">0</subfield>
    <subfield code="r">BOOK</subfield>
    <subfield code="s">1038_</subfield>
  </datafield>
</record>
